| 000 | 004770000a22001810004500 | ||
|---|---|---|---|
| 003 | LK-CoMWRAF | ||
| 008 | 230817t ||||| |||| 00| 0 eng d | ||
| 020 | _a9556250026 | ||
| 040 |
_aLK-CoMWRAF _dLK-CoMWRAF _eLK-CoMWRAF |
||
| 041 | _aeng | ||
| 082 |
_a170 _bBET |
||
| 245 |
_aBetween Two Worlds _bMuslim women in a Multi- Ethnic Society |
||
| 260 |
_aColombo _bMWRAF/WLUML _c1999 |
||
| 300 | _ap.102 | ||
| 650 | _aMuslims in Sri Lanka | ||
| 650 | _aPersonal laws | ||
| 942 | _cBK | ||
| 999 |
_c162 _d162 |
||